مكتبة جامعة عجلون الوطنية

فهرس بحث المكتبة

Normal view MARC view
  •  المحاسبة الدولية

Entry Topical Term

Number of records used in: 1

001 - CONTROL NUMBER

  • control field: 28468

003 - CONTROL NUMBER IDENTIFIER

  • control field: JO-AjAnu

005 - DATE AND TIME OF LATEST TRANSACTION

  • control field: 20230606074826.0

008 - FIXED-LENGTH DATA ELEMENTS

  • fixed length control field: 230606|| aca||aabn | a|a d

040 ## - CATALOGING SOURCE

  • Original cataloging agency: JO-AjAnu
  • Transcribing agency: JO-AjAnu

150 ## - HEADING--TOPICAL TERM

  • Topical term or geographic name entry element:  المحاسبة الدولية

670 ## - SOURCE DATA FOUND

  • Source citation: Work cat.: (JO-AjAnu)14613: لجنة معايير المحاسبة الدولية, author 28467, معايير المحاسبة الدولية 2000 : النص الكامل لكافة معايير المحاسبة الدولية، والتفسيرات الصادرة عن لجنة التفسيرات الدائمة القائمة في 1 يناير 2000